EL PROCESO DE CONVERTIRSE EN PERSONA : (Registro nro. 4373)
[ vista simple ]
| 000 -LEADER | |
|---|---|
| fixed length control field | 00561nam a2200193 a 4500 |
| 001 - CONTROL NUMBER | |
| control field | 4373 |
| 005 - DATE AND TIME OF LATEST TRANSACTION | |
| control field | 20180713184244.0 |
| 008 - FIXED-LENGTH DATA ELEMENTS--GENERAL INFORMATION | |
| fixed length control field | 140415s1990 000 0 spa d |
| 041 ## - LANGUAGE CODE | |
| Language code of text/sound track or separate title | spa |
| 082 ## - DEWEY DECIMAL CLASSIFICATION NUMBER | |
| Classification number | 616.8914 |
| Item number | ROG |
| 504 ## - BIBLIOGRAPHY, ETC. NOTE | |
| Bibliography, etc. note | INCLUYE BIBLIOGRAFIA |
| 100 1# - MAIN ENTRY--PERSONAL NAME | |
| Personal name | ROGERS, C. R. |
| 245 13 - TITLE STATEMENT | |
| Title | EL PROCESO DE CONVERTIRSE EN PERSONA : |
| Remainder of title | MI TECNICA TERAPEUTICA |
| 260 ## - PUBLICATION, DISTRIBUTION, ETC. | |
| Place of publication, distribution, etc. | [s.l.] : |
| Name of publisher, distributor, etc. | PAIDOS, |
| Date of publication, distribution, etc. | 1990 |
| 300 ## - PHYSICAL DESCRIPTION | |
| Extent | 348 |
| 490 ## - SERIES STATEMENT | |
| Series statement | PSIQUIATRIA, PSICOLOGIA Y PSICOSOMATICA |
| Volume/sequential designation | 48 |
| 650 14 - SUBJECT ADDED ENTRY--TOPICAL TERM | |
| Topical term or geographic name entry element | PSICOTERAPIA |
| 700 1# - ADDED ENTRY--PERSONAL NAME | |
| Personal name | WAINBERG, LILIANA R. |
| Relator term | tr. |
| Withdrawn status | Lost status | Source of classification or shelving scheme | Damaged status | Not for loan | Collection code | Home library | Current library | Shelving location | Date acquired | Source of acquisition | Inventory number | Total Checkouts | Full call number | Barcode | Date last seen | Date last checked out | Price effective from | Koha item type |
|---|---|---|---|---|---|---|---|---|---|---|---|---|---|---|---|---|---|---|
| Dewey Decimal Classification | General | Biblioteca Karol Wojtyla | Biblioteca Karol Wojtyla | Sala general | 03/12/2013 | Compra | 151000000000000000008328 | 616.8914 ROG | 15859 | 05/01/2026 | 07/04/2018 | 03/12/2013 | Libro |